Largest Cities In Kentucky - Statistics

General Stats
  • This quiz has been taken 58 times
  • The average score is 5 of 10
Answer Stats
Pop. City % Correct
616,261 Louisville
100%
321,959 Lexington
93%
67,067 Bowling Green
75%
59,404 Owensboro
60%
40,455 Covington
45%
30,023 Elizabethtown
30%
33,660 Georgetown
28%
35,397 Richmond
28%
32,305 Florence
25%
30,789 Hopkinsville
20%
No matching quizzes found
Score Distribution
Percent of People with Each Score
Percentile by Number Answered
Your Score History
You have not taken this quiz